000 00446nam a2200205Ia 4500
001 14115
003 GE_BSU
008 181216s||||||||xx |||||||||||||| ||und||
020 _a1851522616
040 _cGE_BSU
080 _a641
100 _aBowen,Garol
245 4 _aThe Vegetarian Cookbook
260 _aLondon
260 _bChancellor Press
260 _c1986
300 _a192p.30cm.
653 _aThe Vegetarian Cookbook
942 _cBK
999 _c47255
_d47255